[Event "Cairo Al Ain op"]
[Site "Cairo"]
[Date "2023.11.27"]
[Round "1"]
[White "Ezat, Mohamed Mahmoud"]
[Black "Oun, Moaz"]
[Result "1-0"]
[WhiteElo "2371"]
[BlackElo "1200"]
[PlyCount "83"]
[EventDate "2023.11.27"]
[EventType "swiss"]
[EventRounds "10"]
[EventCountry "EGY"]
[SourceTitle "CB49_2023"]
[SourceDate "2023.12.06"]
[SourceVersion "1"]
[SourceVersionDate "2023.12.06"]
[SourceQuality "1"]

1. d4 e6 2. c4 d5 3. Nf3 c5 4. cxd5 exd5 5. g3 Nc6 6. Bg2 Nf6 7. 0-0 Be7 8. Nc3 0-0 9. Bg5 c4 10. Ne5 Be6 11. Nxc6 bxc6 12. b3 cxb3 13. axb3 h6 14. Bxf6 Bxf6 15. Na4 Bf5 16. Qd2 Qd6 17. Nc5 Bg4 18. Ra4 Rfe8 19. e3 Bd8 20. Rc1 Bb6 21. Nd3 Bf5 22. Qb4 Red8 23. Qc3 Bxd3 24. Qxd3 Rac8 25. b4 Re8 26. Qb3 Red8 27. Ra2 f5 28. Rac2 Rd7 29. Bh3 Rf7 30. Bg2 Rcc7 31. b5 c5 32. dxc5 Rxc5 33. Rxc5 Bxc5 34. Bxd5 Kh8 35. Bxf7 Bb6 36. Rc8+ Kh7 37. Bg8+ Kg6 38. Rc6 Qf6 39. Rxf6+ gxf6 40. Qf7+ Kg5 41. Qg7+ Kh5 42. Bf7# 1-0